000
00311nam a2200133Ia 4500
008
190216s9999||||xx |||||||||||||| ||und||
100
_a
L .r. Potty
245
0
_a
Atext Book Of Business&Corparate Laws
250
_a
I
260
_b
Yemunapublications
_c
2000
300
_a
354
650
_a
Commerce
942
_c
BK
999
_c
8240
_d
8240